000
00277nam a22001097a 4500
008
160518b xxu||||| |||| 00| 0 eng d
020
_a
9780314067029
041
_a
eng
080
_a
61
245
_a
Modern medical language:
_c
C.Edward Collins; Juanita J.Davies;
942
_2
udc
_c
BK
999
_c
2193
_d
2193